Statistics for Leaders of the Conservative Party (UK) by Picture

Click here to take the quiz!

General Stats

  • This quiz has been taken 18 times
  • The average score is 10 of 13

Answer Stats

Answer% Correct
Boris Johnson
100%
Theresa May
100%
David Cameron
100%
Margaret Thatcher
94%
Winston Churchill
94%
John Major
89%
Edward Heath
78%
Harold Macmillan
61%
Anthony Eden
61%
Alec Douglas-Home
56%
Iain Duncan Smith
50%
William Hague
50%
Michael Howard
39%

Score Distribution

Percentile by Number Answered

Percent of People with Each Score

Your Score History

You have not taken this quiz